Sports Quiz

Random Sports Quiz

2014 UFC Fights (Q1) Quiz Stats

Quiz not verified by Sporcle

Also try: NCAA and NBA Title
Challenge
Share
Tweet
Embed
Score 0/218 Timer 20:00
0 Plays Today
Event Fighter % Correct
UFC 169Renan Barao
98.4%
UFC 169Urijah Faber
97.7%
UFC 169Jose Aldo
96.9%
UFC Fight Night 35Luke Rockhold
96.1%
UFC on Fox 10Benson Henderson
96.1%
UFC 169Ricardo Lamas
96.1%
UFC 170Ronda Rousey
96.1%
UFC 171Johny Hendricks
96.1%
UFC 171Robbie Lawler
96.1%
UFC Fight Night 38Dan Henderson
96.1%
UFC Fight Night 35T.J. Dillashaw
95.3%
UFC Fight Night 36Erick Silva
95.3%
UFC 170Sara McMann
95.3%
TUF China FinaleDong Hyun Kim
95.3%
UFC Fight Night 36Jacare Souza
94.6%
UFC 170Daniel Cormier
94.6%
UFC 171Tyron Woodley
94.6%
UFC Fight Night 37Alexander Gustafsson
93.8%
UFC Fight Night 37Gunnar Nelson
93.8%
UFC Fight Night 38Mauricio Rua
93.8%
UFC on Fox 10Stipe Miocic
93%
UFC 169Frank Mir
93%
UFC Fight Night 36Lyoto Machida
93%
UFC Fight Night 34Hyun Gyu Lim
92.2%
UFC Fight Night 34Max Holloway
92.2%
UFC on Fox 10Josh Thomson
92.2%
UFC 169Alistair Overeem
92.2%
UFC 170Rory MacDonald
92.2%
UFC 170Demian Maia
92.2%
TUF China FinaleMatt Mitrione
92.2%
UFC Fight Night 34Tarec Saffiedine
91.5%
UFC on Fox 10Gabriel Gonzaga
91.5%
UFC Fight Night 37Jimi Manuwa
91.5%
UFC 171Carlos Condit
91.5%
UFC 171Hector Lombard
91.5%
UFC Fight Night 35Costas Philippou
90.7%
UFC Fight Night 36Gegard Mousasi
90.7%
UFC 170Patrick Cummins
90.7%
UFC 171Diego Sanchez
90.7%
UFC Fight Night 35Yoel Romero
89.9%
UFC Fight Night 35Brad Tavares
89.1%
UFC on Fox 10Donald Cerrone
89.1%
TUF China FinaleShawn Jordan
89.1%
UFC Fight Night 37Michael Johnson
88.4%
UFC 171Myles Jury
88.4%
UFC Fight Night 35Cole Miller
87.6%
UFC 170Alexis Davis
87.6%
UFC Fight Night 38Leonardo Santos
87.6%
UFC Fight Night 35Lorenz Larkin
86.8%
UFC Fight Night 36Francis Carmont
86.8%
UFC 171Jake Shields
86.8%
UFC Fight Night 34Tatsuya Kawajiri
86%
UFC on Fox 10Sergio Pettis
86%
UFC 169Neil Magny
86%
UFC Fight Night 36Charles Oliveira
86%
UFC 170Rafaello Oliveira
86%
UFC Fight Night 37Claudio Silva
86%
UFC 171Kelvin Gastelum
86%
UFC 169Kevin Lee
85.3%
UFC Fight Night 37Phil Harris
85.3%
UFC 171Ovince St. Preux
85.3%
UFC Fight Night 38Cezar Ferreira
85.3%
UFC Fight Night 38Norman Parke
85.3%
UFC 169Ali Bagautinov
84.5%
UFC 169John Lineker
84.5%
UFC 169John Makdessi
84.5%
UFC Fight Night 36Takenori Sato
84.5%
UFC 170Stephen Thompson
84.5%
UFC Fight Night 37Brad Pickett
84.5%
UFC Fight Night 38C.B. Dollaway
84.5%
UFC Fight Night 35Mike Easton
83.7%
UFC on Fox 10Walt Harris
83.7%
UFC 171Rick Story
83.7%
Event Fighter % Correct
UFC Fight Night 34Kiichi Kunimoto
82.9%
UFC Fight Night 35Derek Brunson
82.9%
UFC Fight Night 35John Moraga
82.9%
UFC on Fox 10Nikita Krylov
82.9%
UFC 170Erik Koch
82.9%
TUF China FinaleVaughan Lee
82.9%
UFC Fight Night 37Melvin Guillard
82.9%
UFC 171Nikita Krylov
82.9%
UFC Fight Night 34Sean Soriano
82.2%
UFC Fight Night 34Kyung Ho Kang
82.2%
UFC Fight Night 35Sam Sicilia
82.2%
UFC Fight Night 36Iuri Alcantara
82.2%
UFC 170Jessica Eye
82.2%
UFC 170Raphael Assuncao
82.2%
UFC Fight Night 34Will Chope
81.4%
UFC Fight Night 34Dustin Kimura
81.4%
UFC Fight Night 34Russell Doane
81.4%
UFC Fight Night 35Dustin Ortiz
81.4%
UFC on Fox 10Adriano Martins
81.4%
UFC on Fox 10Darren Elkins
81.4%
UFC 169Abel Trujillo
81.4%
UFC 169Jamie Varner
81.4%
UFC 169Alan Patrick
81.4%
UFC 169Chris Cariaso
81.4%
UFC Fight Night 36Ildemar Alcantara
81.4%
UFC Fight Night 38Rony Jason
81.4%
UFC Fight Night 38Thiago Santos
81.4%
UFC Fight Night 34Luiz Dutra
80.6%
UFC Fight Night 34Dave Galera
80.6%
UFC Fight Night 34Leandro Issa
80.6%
UFC on Fox 10Alex Caceres
80.6%
UFC Fight Night 36Andy Ogle
80.6%
UFC 171Dennis Bermudez
80.6%
UFC Fight Night 34Tae Hyun Bang
79.8%
UFC Fight Night 36Viscardi Andrade
79.8%
UFC 171Raquel Pennington
79.8%
UFC Fight Night 34Royston Wee
79.1%
UFC Fight Night 34Mairbek Taisumov
79.1%
UFC Fight Night 35Ramsey Nijem
79.1%
UFC 169Tom Watson
79.1%
UFC 169Al Iaquinta
79.1%
UFC 170Robert Whittaker
79.1%
TUF China FinaleJohn Hathaway
79.1%
UFC 171Jessica Andrade
79.1%
UFC Fight Night 38Mairbek Taisumov
79.1%
UFC on Fox 10Jeremy Stephens
78.3%
UFC Fight Night 35Beneil Dariush
77.5%
UFC on Fox 10Mike Rio
77.5%
UFC Fight Night 35Trevor Smith
76.7%
UFC 169Danny Martinez
76.7%
UFC 169Gasan Umalatov
76.7%
UFC Fight Night 36Nico Musoke
76.7%
UFC 170Mike Pyle
76.7%
TUF China FinaleSai Wang
76.7%
TUF China FinaleAnying Wang
76.7%
UFC Fight Night 38Michel Prazeres
76.7%
UFC Fight Night 38Steven Siler
76.7%
UFC Fight Night 34Shunichi Shimizu
76%
UFC 169Tony Martin
76%
UFC Fight Night 36Ivan Jorge
76%
TUF China FinaleHatsu Hioki
76%
UFC Fight Night 37Ilir Latifi
76%
UFC Fight Night 38Fabio Maldonado
76%
UFC Fight Night 38Godofredo Pepey
76%
UFC Fight Night 34Jon Delos Reyes
75.2%
UFC 169Clint Hester
75.2%
UFC Fight Night 36Wilson Reis
75.2%
TUF China FinaleIvan Menjivar
75.2%
UFC Fight Night 37Neil Seery
75.2%
UFC Fight Night 38Noad Lahat
75.2%
UFC Fight Night 34Katsunori Kikuno
74.4%
UFC Fight Night 34Quinn Mulhern
74.4%
UFC Fight Night 35Charlie Brenneman
74.4%
Event Fighter % Correct
UFC Fight Night 37Louis Gaudinot
74.4%
UFC on Fox 10Daron Cruickshank
73.6%
UFC 170Cody Gibson
73.6%
UFC Fight Night 37Cyrille Diabate
73.6%
UFC Fight Night 38Jussier Formiga
73.6%
UFC 170Aljamain Sterling
72.9%
UFC Fight Night 37Brad Scott
72.9%
UFC Fight Night 38Scott Jorgensen
72.9%
UFC on Fox 10George Sullivan
72.1%
UFC on Fox 10Mike Rhodes
72.1%
UFC 169Andy Enz
72.1%
UFC 171Jimy Hettes
72.1%
UFC Fight Night 37Luke Barnatt
71.3%
UFC on Fox 10Eddie Wineland
71.3%
UFC on Fox 10Chico Camus
71.3%
UFC 169Rashid Magomedov
71.3%
UFC 171Alex Garcia
71.3%
UFC 171Sean Spencer
71.3%
UFC 171Bubba McDaniel
71.3%
UFC 171Sean Strickland
70.5%
UFC on Fox 10Yaotzin Meza
69.8%
UFC 170T.J. Waldburger
69.8%
TUF China FinaleLipeng Zhang
69.8%
UFC Fight Night 37Omari Akhmedov
69.8%
UFC 169Nick Catone
69%
UFC Fight Night 36Albert Tumenov
69%
UFC Fight Night 38Gian Villante
69%
UFC Fight Night 35Justin Edwards
68.2%
UFC Fight Night 35Isaac Vallie-Flagg
68.2%
UFC Fight Night 35Louis Smolka
68.2%
UFC Fight Night 36Rodrigo Damm
68.2%
UFC 170Pedro Munhoz
68.2%
UFC 170Zach Makovsky
68.2%
UFC 170Ernest Chavez
68.2%
UFC Fight Night 35Elias Silverio
67.4%
UFC Fight Night 35Brian Houston
67.4%
UFC 170Josh Sampo
67.4%
TUF China FinaleMark Eddiva
67.4%
UFC Fight Night 36Joe Proctor
66.7%
UFC Fight Night 36Francisco Trinaldo
66.7%
UFC Fight Night 36Zubaira Tukhugov
66.7%
UFC 170Yosdenis Cedeno
66.7%
TUF China FinaleJumabieke Tuerxun
66.7%
UFC 171Renee Forte
66.7%
UFC Fight Night 36Felipe Arantes
65.9%
TUF China FinaleAlbert Cheng
65.9%
UFC Fight Night 38Ronny Markes
65.9%
TUF China FinaleNam Phan
65.1%
UFC 171Francisco Trevino
64.3%
UFC 171Daniel Pineda
64.3%
UFC Fight Night 38Hans Stringer
64.3%
UFC Fight Night 35Alptekin Ozkilic
63.6%
UFC Fight Night 35Vinc Pichel
63.6%
UFC on Fox 10Hugo Viana
63.6%
UFC Fight Night 37Mats Nilsson
63.6%
UFC on Fox 10Yves Jabouin
62.8%
UFC 171Rob Whiteford
62.8%
UFC Fight Night 38Kenny Robertson
62.8%
UFC Fight Night 35Garett Whiteley
62%
UFC Fight Night 36Maximo Blanco
62%
UFC on Fox 10Junior Hernandez
61.2%
UFC 171Justin Scoggins
61.2%
UFC 171Will Campuzano
61.2%
UFC Fight Night 36Cristiano Marcello
60.5%
TUF China FinaleYui Chul Nam
60.5%
TUF China FinaleKazuki Tokudome
60.5%
UFC Fight Night 38Francimar Barroso
60.5%
UFC Fight Night 36Douglas Silva de Andrade
59.7%
UFC Fight Night 36Jesse Ronson
58.9%
UFC Fight Night 37Igor Araujo
58.1%
UFC Fight Night 37Danny Mitchell
56.6%
UFC Fight Night 38Thiago Perpetuo
56.6%

You're not logged in!

Compare scores with friends on all Sporcle quizzes.
Join for Free
OR
Log In

You Might Also Like...

Show Comments

Extras

Top Quizzes Today


Score Distribution

Your Account Isn't Verified!

In order to create a playlist on Sporcle, you need to verify the email address you used during registration. Go to your Sporcle Settings to finish the process.

Report this User

Report this user for behavior that violates our Community Guidelines.

Details: